Statistics for Countries Closest to Thailand

Click here to take the quiz!

General Stats

  • This quiz has been taken 172 times
    (157 since last reset)
  • The average score is 21 of 24

Answer Stats

DistanceCountry% Correct
84 miChina
98%
143 miIndonesia
98%
283 miIndia
97%
0 miCambodia
96%
80 miVietnam
96%
0 miMyanmar
95%
0 miMalaysia
94%
1268 miJapan
93%
0 mi Laos
93%
324 miSingapore
91%
897 miPhilippines
89%
616 miBhutan
88%
781 miNepal
88%
1068 miTaiwan
88%
1725 miSouth Korea
86%
1645 miPakistan
84%
356 miBangladesh
83%
1131 miSri Lanka
83%
1835 miNorth Korea
81%
903 miBrunei
80%
1489 miMongolia
76%
1843 miAfghanistan
70%
1719 miMaldives
65%
1836 miTajikistan
47%

Score Distribution

Percentile by Number Answered

Percent of People with Each Score

Your Score History

You have not taken this quiz since the last reset